Malebranche
Guardat en:
| Autor principal: | |
|---|---|
| Format: | Llibre |
| Idioma: | francès |
| Publicat: |
París
Aubier
1955
|
| Col·lecció: | Philosophie de L'Esprit
|
| Matèries: | |
| Etiquetes: |
Afegir etiqueta
Sense etiquetes, Sigues el primer a etiquetar aquest registre!
|
MARC
| LEADER | 00000nam a2200000 a 4500 | ||
|---|---|---|---|
| 001 | UCZ4724 | ||
| 003 | CL-VaPUC | ||
| 008 | 951110e19550000FR |||||||||||||||||fre|d | ||
| 082 | 0 | 4 | |a 111 |b GUE |2 21 |
| 100 | |a Gueroult, Martial |e author |9 546176 | ||
| 245 | 1 | 0 | |a Malebranche |
| 300 | |a v | ||
| 942 | |c BK | ||
| 945 | |d 19951110 00:00:00 |a lriquelm | ||
| 260 | |a París |b Aubier |c 1955 | ||
| 500 | |a v.1: La vision en Dieu | ||
| 500 | |a v.2: Les cinq abimes de la providence. L'Ordre et l'occasionnalisme | ||
| 600 | 0 | |a Dios |9 314467 | |
| 600 | 0 | |a Malebranche, Nicolás, |d 1638-1715 |9 348518 | |
| 650 | 0 | |a Ontología |9 256850 | |
| 650 | 0 | |a Creencia Religiosa |9 316904 | |
| 650 | 0 | |a Metafísica |9 265649 | |
| 650 | 0 | |a Filosofía del espíritu |9 320175 | |
| 650 | 0 | |a Cognición |9 270347 | |
| 583 | |a last modification |c 19951110 00:00:00 |k Rodrigo Vera | ||
| 490 | 0 | |a Philosophie de L'Esprit | |
| 999 | |c 241091 |d 241089 | ||
| 952 | |0 0 |1 0 |4 0 |6 111_000000000000000_GUE_1955 |7 0 |8 P |9 253245 |a BIBEDU |b BIBEDU |c BIBEDU_PB |d 2019-11-19 |h v.1 |i 1597701 |o 111 GUE 1955 |p 1597701 |r 2024-01-25 |w 2019-11-19 |y BK |k FIL | ||
| 952 | |0 0 |1 0 |4 0 |6 111_000000000000000_GUE_1955 |7 0 |8 P |9 253246 |a BIBEDU |b BIBEDU |c BIBEDU_PB |d 2019-11-19 |h v.2 |i 1597728 |o 111 GUE 1955 |p 1597728 |r 2024-01-25 |w 2019-11-19 |y BK |k FIL | ||